Detalles MARC
| 000 -CABECERA |
| campo de control de longitud fija |
00911cam a2200241 a 4500 |
| 001 - NÚMERO DE CONTROL |
| campo de control |
000007477 |
| 005 - FECHA Y HORA DE LA ÚLTIMA TRANSACCIÓN |
| campo de control |
20200929154202.0 |
| 008 - DATOS DE LONGITUD FIJA--INFORMACIÓN GENERAL |
| campo de control de longitud fija |
041222s2003 ir a b 001 0 eng |
| 020 ## - NÚMERO INTERNACIONAL ESTÁNDAR DEL LIBRO |
| Número Internacional Estándar del Libro |
9649449132 |
| 040 ## - FUENTE DE LA CATALOGACIÓN |
| Centro catalogador/agencia de origen |
DO-SdBNP |
| Lengua de catalogación |
spa |
| Centro/agencia transcriptor |
BNPHU |
| 082 ## - NÚMERO DE LA CLASIFICACIÓN DECIMAL DEWEY |
| Número de clasificación |
910.955 |
| Número de documento/Ítem |
K62b |
| 100 1# - ENTRADA PRINCIPAL--NOMBRE DE PERSONA |
| Nombre de persona |
Kiyâni Haftlang, Kiyânoosh. |
| 9 (RLIN) |
20774 |
| 245 14 - MENCIÓN DE TÍTULO |
| Título |
The book of Iran : |
| Resto del título |
a survey of the geography of Iran / |
| Mención de responsabilidad, etc. |
Kiyânoosh Kiyâni Haftlang ; traducción Azitâ Rajabi. |
| 260 ## - PUBLICACIÓN, DISTRIBUCIÓN, ETC. |
| Lugar de publicación, distribución, etc. |
Tehran : |
| Nombre del editor, distribuidor, etc. |
Center for International Cultural Studies, |
| Fecha de publicación, distribución, etc. |
2003. |
| 300 ## - DESCRIPCIÓN FÍSICA |
| Extensión |
vi, 107 p. : |
| Otras características físicas |
il. ; |
| Dimensiones |
23 cm. |
| 504 ## - NOTA DE BIBLIOGRAFÍA, ETC. |
| Nota de bibliografía, etc. |
Incluye referencias bibliográficas y notas al pie de las páginas. |
| 651 #4 - PUNTO DE ACCESO ADICIONAL DE MATERIA--NOMBRE GEOGRÁFICO |
| Nombre geográfico |
Irán |
| Subdivisión general |
Geografía |
| 9 (RLIN) |
20775 |
| 650 #4 - PUNTO DE ACCESO ADICIONAL DE MATERIA--TÉRMINO DE MATERIA |
| Término de materia o nombre geográfico como elemento de entrada |
Relieve terrestre |
| Subdivisión geográfica |
Irán |
| 9 (RLIN) |
20776 |
| 650 #4 - PUNTO DE ACCESO ADICIONAL DE MATERIA--TÉRMINO DE MATERIA |
| Término de materia o nombre geográfico como elemento de entrada |
Minas |
| Subdivisión geográfica |
Irán |
| 9 (RLIN) |
20777 |
| 650 #4 - PUNTO DE ACCESO ADICIONAL DE MATERIA--TÉRMINO DE MATERIA |
| Término de materia o nombre geográfico como elemento de entrada |
Turismo |
| Subdivisión geográfica |
Irán |
| 9 (RLIN) |
20778 |
| 650 #4 - PUNTO DE ACCESO ADICIONAL DE MATERIA--TÉRMINO DE MATERIA |
| Término de materia o nombre geográfico como elemento de entrada |
Ciudades y pueblos |
| Subdivisión general |
Historia |
| Subdivisión geográfica |
Irán |
| 9 (RLIN) |
20779 |
| 700 1# - PUNTO DE ACCESO ADICIONAL--NOMBRE DE PERSONA |
| Nombre de persona |
Rajabi, Azitâ, |
| Fechas asociadas al nombre |
1968- |
| Término indicativo de función/relación |
tr. |
| 9 (RLIN) |
20780 |